000
00341nam a2200133Ia 4500
008
231129s9999||||xx |||||||||||||| ||spa||
020
_a
84-7102-029-7
040
_b
spa
082
_a
R(i) 036.1 M339g
100
_a
Marin Manuel
245
0
_a
Gran mundo infantil
264
_a
Marin
942
_2
ddc
_c
BKS
999
_c
14620
_d
14620